000 00816 a2200265 4500
003 NUST
005 20210802153808.0
008 170511b xxu||||| |||| 00| 0 eng d
020 _a9781593271442
020 _a1593271441
038 _aA
040 _aDLC
_bDLC
_cNUST
082 0 0 _a005.8
100 1 _aErickson, Jon,
_9569
245 1 0 _aHacking : the art of exploitation
_cJon Erickson.
250 _a2nd ed.
260 _aSan Francisco, CA :
_bNo Starch Press,
_cc2008.
300 _ax, 472 p. :
_bill. ;
_c23 cm. +
_e1 CD-ROM (4 3/4 in.)
563 _aP.B
650 0 _aComputer security.
_9570
650 0 _aComputer hackers.
_9571
650 0 _aComputer networks
_xSecurity measures.
_9466
856 4 1 _3Table of contents
_uhttp://www.loc.gov/catdir/toc/fy0804/2007042910.html
942 _cBK
_k005.8 ERI
_2ddc
999 _c9575
_d9575